[Event "Tittle-tattles Promotional Tournament"]
[Site "SchemingMind.com"]
[Date "2008.04.23"]
[Round "-"]
[White "calidore"]
[Black "PankracyRozumek"]
[Result "1/2-1/2"]
[WhiteCountry "ISR"]
[BlackCountry "POL"]
[WhiteElo "1899"]
[WhiteRD "53"]
[BlackElo "1903"]
[BlackRD "74"]
[GameID "151254"]

1. e4 Nf6 2. e5 Nd5 3. d4 d6 4. Nf3 c6 5. c4 Nc7 6. Nc3 dxe5 7. Nxe5 Nd7 8. Bf4 Nf6 9. Be2 Bf5 10. O-O e6
11. h3 c5 12. dxc5 Bxc5 13. Qxd8+ Rxd8 14. Nxf7 Kxf7 15. Bxc7 Rd7 16. Bf4 h6 17. Rfd1 Rhd8 18. Rxd7+ Rxd7 19. Rd1 Rxd1+ 20. Bxd1 Ne4
21. Nxe4 Bxe4 22. Be5=
1/2-1/2

[Event "Tittle-tattles Promotional Tournament"]
[Site "SchemingMind.com"]
[Date "2008.04.19"]
[Round "-"]
[White "calidore"]
[Black "z"]
[Result "1-0"]
[WhiteCountry "ISR"]
[BlackCountry "IRQ"]
[WhiteElo "2039"]
[WhiteRD "62"]
[BlackElo "1825"]
[BlackRD "51"]
[GameID "151255"]

1. e4 d6 2. d4 Nf6 3. Nc3 g6 4. Be3 Ng4 5. Bg5 h6 6. Bh4 g5 7. Bg3 Bg7 8. h3 Nf6 9. Bc4 Nxe4 10. Nxe4 d5
11. Bxc7 Qd7 12. Bxb8 Rxb8 13. Nc5 Qd6 14. Bb5+ Kf8 15. c3 e5 16. Nf3 e4 17. Nh2 a6 18. Be2 b5 19. O-O f5 20. b3 b4
21. Qd2 bxc3 22. Qxc3 f4 23. Bg4 h5 24. Bxc8 Rxc8 25. Nxe4 Rxc3 26. Nxd6 Bxd4 27. Rfe1 Rc2 28. Re8+ Kg7 29. Nf5+ Kf6 30. Nxd4 Rxe8
31. Nxc2 Re2 32. Nb4 Ke5 33. Nf3+ Kd6 34. Nxg5 d4 35. Nxa6 d3 36. Rd1 d2 37. Rxd2+ Rxd2 38. Ne4+
1-0

[Event "Tittle-tattles Promotional Tournament"]
[Site "SchemingMind.com"]
[Date "2008.04.23"]
[Round "-"]
[White "calidore"]
[Black "Pedro666"]
[Result "1/2-1/2"]
[WhiteCountry "ISR"]
[BlackCountry "POL"]
[WhiteElo "1867"]
[WhiteRD "47"]
[BlackElo "2003"]
[BlackRD "76"]
[GameID "151256"]

1. e4 Nf6 2. e5 Nd5 3. d4 d6 4. Nf3 Bg4 5. Be2 c6 6. c4 Nb6 7. Ng5 Bxe2 8. Qxe2 dxe5 9. dxe5 e6 10. O-O N8d7
11. Nc3 Be7 12. Nf3 Qc7 13. b3 O-O 14. Bb2 Rfd8 15. Rad1 Nf8 16. Ne4 Ng6 17. g3= Nd7 18. Ned2 a5 19. Rfe1 a4 20. h4 axb3
21. axb3 Bb4 22. h5 Ne7 23. Qe4 Nc5 24. Qc2 Ra2 25. Qb1 Rxb2 26. Qxb2 Nd3 27. Qc2 Nxe1 28. Rxe1 Qd7 29. Re2= Nf5 30. Ne4 Nd4
31. Nxd4 Qxd4 32. Ng5 Qd3 33. Qxd3= Rxd3 34. Re3 Rxe3 35. fxe3 Bc3 36. Nf3 g6 37. hxg6 hxg6 38. Kf2 Kg7 39. Ke2 f5 40. Ng5=
1/2-1/2

[Event "Tittle-tattles Promotional Tournament"]
[Site "SchemingMind.com"]
[Date "2008.04.23"]
[Round "-"]
[White "calidore"]
[Black "smothered mate"]
[Result "1-0"]
[WhiteCountry "ISR"]
[BlackCountry "POL"]
[WhiteElo "2039"]
[WhiteRD "62"]
[BlackElo "1913"]
[BlackRD "52"]
[GameID "151257"]

1. e4 c5 2. c3 e6 3. d4 cxd4 4. cxd4 d5 5. e5 Nc6 6. Nf3 Qb6 7. Bd3 Bd7 8. O-O Nxd4 9. Nxd4 Qxd4 10. Nc3 Qb6
11. Be3 d4 12. Na4 Bxa4 13. Qxa4+ Qc6 14. Bb5
1-0

[Event "Tittle-tattles Promotional Tournament"]
[Site "SchemingMind.com"]
[Date "2008.04.23"]
[Round "-"]
[White "calidore"]
[Black "MazetaFighter"]
[Result "1/2-1/2"]
[WhiteCountry "ISR"]
[BlackCountry "GRE"]
[WhiteElo "2039"]
[WhiteRD "62"]
[BlackElo "2004"]
[BlackRD "71"]
[GameID "151258"]

1. e4 e5 2. Bc4 Nf6 3. Nf3 Nc6 4. d4 exd4 5. e5 d5 6. Bb5 Ne4 7. Nxd4 Bd7 8. Nxc6 bxc6 9. Bd3 Bc5 10. O-O Qh4
11. Bxe4 Qxe4 12. Nc3 Qg6 13. Bf4 O-O 14. Rc1 Rfe8 15. Qf3 Bf5 16. Qg3=
1/2-1/2

[Event "Tittle-tattles Promotional Tournament"]
[Site "SchemingMind.com"]
[Date "2008.04.23"]
[Round "-"]
[White "riverriver"]
[Black "calidore"]
[Result "0-1"]
[WhiteCountry "USA"]
[BlackCountry "ISR"]
[WhiteElo "1821"]
[WhiteRD "72"]
[BlackElo "1867"]
[BlackRD "47"]
[GameID "151259"]

1. d4 Nf6 2. c4 e6 3. Nc3 d5 4. Nf3 Be7 5. Bg5 O-O 6. e3 b6 7. cxd5 Nxd5 8. Bxe7 Qxe7 9. Nxd5 exd5 10. Be2 Qb4+
11. Qd2 Qxd2+ 12. Nxd2 Bf5 13. O-O Nd7 14. Rac1 Rac8 15. Rc6 Nb8 16. Rcc1 c5 17. h3 Nd7 18. Bf3 cxd4 19. Bxd5 dxe3 20. fxe3 Bg6
21. Rxc8 Rxc8= 22. e4 Nf6 23. Bb7 Rc2 24. Rd1 h6 25. e5 Nd7 26. Nc4 Nc5 27. Rd8+ Kh7 28. Bd5 Be4 29. Bxe4+ Nxe4 30. Nd6 Nxd6
31. Rxd6 Rxb2 32. a4 Ra2 33. Rd4 g5 34. Rd7 Rxa4 35. Rxf7+ Kg6 36. Rf6+ Kg7 37. g4 Re4 38. Rf5 a5 39. Kg2 a4 40. Rf6 b5
41. Ra6 Rxe5 42. Kf3 Kf7 43. Rxh6 b4 44. Rb6 b3 45. Rb4 Ra5 46. Rb7+ Kf6 47. Rb6+ Ke7 48. Rb7+ Kd6 49. Rb6+ Kc5 50. Re6 b2
51. Re5+ Kb4 52. Re4+ Ka3 53. Re1 Ka2 54. h4 b1=Q
0-1

[Event "Tittle-tattles Promotional Tournament"]
[Site "SchemingMind.com"]
[Date "2008.04.19"]
[Round "-"]
[White "Dr_Pat"]
[Black "calidore"]
[Result "1-0"]
[WhiteCountry "USA"]
[BlackCountry "ISR"]
[WhiteElo "1992"]
[WhiteRD "50"]
[BlackElo "1899"]
[BlackRD "53"]
[GameID "151260"]

1. d4 Nf6 2. c4 e6 3. Nc3 Bb4 4. Qc2 c5 5. dxc5 Bxc5 6. Nf3 Nc6 7. Bg5 O-O 8. e3 b6 9. Be2 Bb7 10. O-O a6
11. Rfd1 Be7 12. Rd2 Qc7 13. Rad1 Rad8 14. Bf4 Qc8 15. h3 h6 16. Na4 Nb4 17. Qb3 Qc6 18. Bd6 Bxd6 19. Rxd6 Qc7 20. Qxb4 Bc6
21. Nxb6 Rb8 22. c5 Nd5 23. Nxd5 Bxd5 24. Qd4 Bc6 25. Ne5 Rfd8 26. Nxc6
1-0

[Event "Tittle-tattles Promotional Tournament"]
[Site "SchemingMind.com"]
[Date "2008.04.19"]
[Round "-"]
[White "Efren ramos"]
[Black "calidore"]
[Result "1-0"]
[WhiteCountry "NCA"]
[BlackCountry "ISR"]
[WhiteElo "1897"]
[WhiteRD "77"]
[BlackElo "1899"]
[BlackRD "53"]
[GameID "151261"]

1. d4 Nf6 2. c4 e6 3. Nf3 b6 4. a3 Bb7 5. Nc3 Be7 6. Qc2 O-O 7. e4 d5 8. cxd5 exd5 9. e5 Ne4 10. Bd3 f5
11. exf6 Nxf6 12. Ng5 Qc8 13. Bf5 Qe8 14. Bxh7+ Kh8 15. Bg6 Qd7 16. Nf7+ Kg8 17. Ne5 Qe6 18. Bf5 Qd6 19. Nb5 Qc6 20. Nxc6 Bxc6
21. Nxc7 Bd7 22. Bxd7 Nbxd7 23. Nxa8 Rxa8 24. Qc6 Rf8 25. O-O Kh7 26. Be3 Kh8 27. Rac1 Kg8 28. Qe6+ Rf7 29. Rc8+ Bf8 30. Rfc1 Kh7
31. Qxf7
1-0

[Event "Tittle-tattles Promotional Tournament"]
[Site "SchemingMind.com"]
[Date "2008.04.19"]
[Round "-"]
[White "Vaidotas"]
[Black "calidore"]
[Result "1/2-1/2"]
[WhiteCountry "LTU"]
[BlackCountry "ISR"]
[WhiteElo "1898"]
[WhiteRD "71"]
[BlackElo "2039"]
[BlackRD "62"]
[GameID "151262"]

1. e4 Nf6 2. e5 Nd5 3. Nc3 Nxc3 4. dxc3 d6 5. Bc4 Nc6 6. Nf3 Bf5 7. exd6 exd6 8. O-O Be7 9. Re1 O-O 10. Nd4 Nxd4
11. cxd4 Bf6 12. c3 Re8= 13. Be3 d5 14. Bd3 Bxd3 15. Qxd3 Qd7 16. Bf4 c6 17. Kf1 g6 18. Rxe8+ Rxe8= 19. Re1 Rxe1+ 20. Kxe1 a6
21. Qe3 Qe7 22. Kd2 Qxe3+ 23. Kxe3 Kf8 24. Bd6+ Ke8 25. Kf4 Kd7 26. Be5 Be7 27. b3 b5 28. g4 Ba3 29. Ke3 Ke6 30. f4 Bf8
31. Kf3 Be7 32. Kg3 Ba3 33. Bc7 Bb2 34. Ba5 Bc1 35. Kf3 h5 36. h3 hxg4+ 37. hxg4 Bd2 38. Bb4 Bc1 39. Ba5 Bd2 40. Bb4 Bc1
41. Ba5 Bd2 42. Bb4 Bc1=
1/2-1/2

[Event "Tittle-tattles Promotional Tournament"]
[Site "SchemingMind.com"]
[Date "2008.04.23"]
[Round "-"]
[White "PankracyRozumek"]
[Black "calidore"]
[Result "1/2-1/2"]
[WhiteCountry "POL"]
[BlackCountry "ISR"]
[WhiteElo "1903"]
[WhiteRD "74"]
[BlackElo "1899"]
[BlackRD "53"]
[GameID "151263"]

1. e4 Nf6 2. e5 Nd5 3. d4 d6 4. Nf3 Bg4 5. Be2 c6 6. c4 Nb6 7. Nbd2 N8d7 8. O-O dxe5 9. Nxe5 Bxe2 10. Qxe2 Nxe5
11. dxe5 e6 12. b3 Qd4 13. Nf3 Qxa1 14. Qc2 Bb4 15. Bd2 Qxf1+ 16. Kxf1 Bxd2 17. Nxd2 O-O 18. Ne4 Rad8 19. Ng5 g6 20. h4 Rd7
21. h5 Rfd8 22. g4 Rd2 23. Qe4 R8d4=
1/2-1/2

[Event "Tittle-tattles Promotional Tournament"]
[Site "SchemingMind.com"]
[Date "2008.04.19"]
[Round "-"]
[White "z"]
[Black "calidore"]
[Result "1-0"]
[WhiteCountry "IRQ"]
[BlackCountry "ISR"]
[WhiteElo "1769"]
[WhiteRD "52"]
[BlackElo "1899"]
[BlackRD "53"]
[GameID "151264"]

1. b4 c6 2. e3 Nf6 3. Bb2 d5 4. c4 Bf5 5. Nf3 e6 6. a3 Nbd7 7. Be2 Bd6 8. h3 O-O 9. O-O dxc4 10. Bxc4 Qc7
11. Nc3 Ne5 12. Nxe5 Bxe5 13. d4 Bh2+ 14. Kh1 Bd6 15. Qe2 Ne4 16. Nxe4 Bxe4 17. f3 Bd5 18. Bd3 Qe7 19. e4 Bb3 20. f4 Qh4
21. Qf3 f5 22. Be2 Rae8 23. Qxb3 Bxf4 24. Bc4 Qg3 25. Qxg3 Bxg3 26. exf5 Kh8 27. fxe6 Bd6 28. d5 cxd5 29. Bxd5 h6 30. Rf7 b6
31. Raf1 Rxf7 32. Rxf7 Rc8 33. Be4 Bf8 34. e7
1-0

[Event "Tittle-tattles Promotional Tournament"]
[Site "SchemingMind.com"]
[Date "2008.04.23"]
[Round "-"]
[White "Pedro666"]
[Black "calidore"]
[Result "0-1"]
[WhiteCountry "POL"]
[BlackCountry "ISR"]
[WhiteElo "2003"]
[WhiteRD "78"]
[BlackElo "1899"]
[BlackRD "53"]
[GameID "151265"]

1. d4 Nf6 2. Nf3 e6 3. Bf4 d5 4. e3 c5 5. c3 Nc6 6. Nbd2 Nh5 7. Bg5 Be7 8. Bxe7 Qxe7 9. Bd3 Nf6 10. O-O O-O
11. Qe2 cxd4 12. exd4 Bd7 13. Ne5 h6 14. f4 a6 15. Ndf3 b5 16. Rae1 Rac8 17. f5 exf5 18. Nxd7 Qxd7 19. Ne5 Nxe5 20. Bxf5 Qc7
21. Qxe5 Rfe8 22. Bxc8 Rxe5 23. dxe5 Ne4 24. Rxe4 dxe4 25. Bg4 Qc5+ 26. Kh1 Qxe5 27. g3 e3 28. Bf3 Qd6 29. Rd1 Qe5 30. Kg2 g5
31. Kf1 Qf5 32. Ke2 g4
0-1

[Event "Tittle-tattles Promotional Tournament"]
[Site "SchemingMind.com"]
[Date "2008.04.19"]
[Round "-"]
[White "smothered mate"]
[Black "calidore"]
[Result "0-1"]
[WhiteCountry "POL"]
[BlackCountry "ISR"]
[WhiteElo "1913"]
[WhiteRD "52"]
[BlackElo "2039"]
[BlackRD "62"]
[GameID "151266"]

1. e4 Nf6 2. e5 Nd5 3. c4 Nb6 4. d4 d6 5. exd6 cxd6 6. d5 g6 7. Qd4 Rg8 8. Nc3 Bg7 9. Qh4 h5 10. Be3 N8d7
11. Bd4 Nf6 12. Nf3 Bd7 13. Be2 Qc7 14. Rc1 Bh6 15. Rc2 Bf5 16. Nb5 Qd8 17. Bxf6 Bxc2 18. Bc3 Ba4 19. Nbd4 Bd7 20. b3 Qc7
21. O-O Nxd5 22. Qe4 Nxc3 23. Qd3 Nxe2+ 24. Qxe2 Bg4
0-1

[Event "Tittle-tattles Promotional Tournament"]
[Site "SchemingMind.com"]
[Date "2008.04.19"]
[Round "-"]
[White "MazetaFighter"]
[Black "calidore"]
[Result "1/2-1/2"]
[WhiteCountry "GRE"]
[BlackCountry "ISR"]
[WhiteElo "2004"]
[WhiteRD "71"]
[BlackElo "2039"]
[BlackRD "62"]
[GameID "151267"]

1. e4 Nf6 2. e5 Nd5 3. d4 d6 4. Nf3 Bg4 5. Be2 e6 6. O-O Be7 7. c4 Nb6 8. h3 Bh5 9. Nc3 O-O 10. Be3 Nc6
11. exd6 cxd6 12. d5 exd5 13. Nxd5 Nxd5 14. Qxd5 Bg6 15. Nd4 Rc8 16. Rad1 a6 17. Nf5 Bxf5 18. Qxf5 Ne5 19. b3 Qd7 20. Qxd7 Nxd7=
1/2-1/2